| 000 | 01338nam a2200241 a 4500 | ||
|---|---|---|---|
| 001 | 000000734 | ||
| 005 | 20200929145409.0 | ||
| 008 | 090429s2000 dr r 001 0 spa d | ||
| 040 |
_aDO-SdBNP _bspa _cBNPHU |
||
| 082 |
_a341.0266 _bR426c |
||
| 110 | 2 |
_aRepública Dominicana. _bSecretaría de Estado de Relaciones Exteriores _92256 |
|
| 240 | 1 | 0 | _aTratados, etc. Haití |
| 245 | 1 | 0 |
_aConvenios bilaterales entre la República Dominicana y la República de Haití / _cedición Ana E. Martínez. |
| 260 |
_aSanto Domingo : _bSecretaría de Estado de Relaciones Exteriores, _c2000. |
||
| 300 |
_a130 p. ; _c23 cm. |
||
| 505 | 2 |
_tNotas sobre la recopilación / _rWenceslao Guerrero-Pou Cambier -- _tConvenios, tratados y acuerdos suscritos entre la República Domincana y la República de Haití -- _tConvenios y acuerdos emanados de los trabajos de la comisión mixta bilateral Dominico-Haitiana, establecida el 13 de marzo de 1996. |
|
| 650 | 4 |
_aConvenios (derecho) _zRepública Dominicana _y1867-1979 _92501 |
|
| 650 | 4 |
_aConvenios (derecho) _zHaití _y1867-1979 _92502 |
|
| 651 | 4 |
_aRepública Dominicana _xTratados Comerciales _y1867-1979 _92503 |
|
| 651 | 4 |
_aHaití _xTratados Comerciales _zRepública Dominicana _y1867-1979 _92504 |
|
| 651 | 4 |
_aRepública Dominicana _xRelaciones Exteriores _zHaití _92233 |
|
| 700 | 1 |
_aMartínez, Ana E., _eed. _92505 |
|
| 999 |
_c730 _d730 |
||